120 años de orgullo / (Registro nro. 29785)

Detalles MARC
000 -LEADER
fixed length control field 00640nam a22002057a 4500
003 - CONTROL NUMBER IDENTIFIER
control field OSt
005 - DATE AND TIME OF LATEST TRANSACTION
control field 20221206161337.0
008 - FIXED-LENGTH DATA ELEMENTS--GENERAL INFORMATION
fixed length control field 221206s2003 ck ao||gr|||| 00| 0 spa d
020 ## - INTERNATIONAL STANDARD BOOK NUMBER
International Standard Book Number 9589647413
040 ## - CATALOGING SOURCE
Original cataloging agency CO-JMCR
Transcribing agency CO-JMCR
041 0# - LANGUAGE CODE
Language code of text/sound track or separate title spa
082 04 - DEWEY DECIMAL CLASSIFICATION NUMBER
Edition number 23
Classification number 384.6 /
Item number E558c
110 2# - MAIN ENTRY--CORPORATE NAME
Corporate name or jurisdiction name as entry element Empresa de Telecomunicaciones de Bogotá
9 (RLIN) 42472
245 10 - TITLE STATEMENT
Title 120 años de orgullo /
Statement of responsibility, etc. ETB
260 ## - PUBLICATION, DISTRIBUTION, ETC.
Place of publication, distribution, etc. Bogotá :
Name of publisher, distributor, etc. ETB,
Date of publication, distribution, etc. 2003
300 ## - PHYSICAL DESCRIPTION
Extent 194 páginas :
Other physical details fotografías a color ;
Dimensions 29 cm
610 24 - SUBJECT ADDED ENTRY--CORPORATE NAME
Corporate name or jurisdiction name as entry element Empresa de Telecomunicaciones de Bogotá
General subdivision Historia
9 (RLIN) 42473
650 14 - SUBJECT ADDED ENTRY--TOPICAL TERM
Topical term or geographic name entry element Telecomunicaciones
General subdivision Historia
Geographic subdivision Bogotá
9 (RLIN) 42474
942 ## - ADDED ENTRY ELEMENTS (KOHA)
Source of classification or shelving scheme Dewey Decimal Classification
Koha item type Books
Existencias
Withdrawn status Lost status Source of classification or shelving scheme Damaged status Not for loan Home library Current library Date acquired Source of acquisition Total Checkouts Full call number Barcode Date last seen Copy number Price effective from Koha item type
    Dewey Decimal Classification     Biblioteca Pública José María del Castillo y Rada Biblioteca Pública José María del Castillo y Rada 02/23/2022 Donación   384.6 / E558c 201811618 05/16/2024 Ej.1 12/06/2022 Books